000 00698nam a2200217Ii 4500
001 11996
003 CO-ViMGA
008 241108s9999||||xx |||||||||||||| ||und||
020 _a8428312834
040 _aCO-ViMGA
_bspa
_erda
_cCO-ViMGA
041 0 _aunk
082 0 4 _a721.0447142 L318
100 1 _aNicolás Larburu Arrizabalaga
_956403
245 1 0 _aEstructuras Metálicas de Acero:
_bCálculos fundamentales y tablas auxiliares
264 1 _a[Lugar de publicación no identificado] : Paraninfo, 1983
300 _avolumen
336 _atext
_btxt
_2rdacontent
337 _aunmediated
_bn
_2rdamedia
338 _avolume
_bnc
_2rdacarrier
940 _aidficha_siabuc: 11706. -- ficha_no_siabuc:11996
999 _c54356
_d54356